[Event "BL2-Ost 0910"]
[Site "Germany"]
[Date "2010.04.11"]
[Round "9.5"]
[White "Niedermaier, Hans"]
[Black "Panteleev, Petar"]
[Result "1/2-1/2"]
[WhiteElo "2277"]
[BlackElo "2341"]
[PlyCount "89"]
[EventDate "2009.10.18"]
[EventType "team-tourn"]
[EventRounds "9"]
[EventCountry "GER"]
[SourceTitle "EXT 2011"]
[Source "ChessBase"]
[SourceDate "2010.11.26"]
[SourceVersion "1"]
[SourceVersionDate "2010.11.26"]
[SourceQuality "1"]
[WhiteTeam "Forchheim"]
[BlackTeam "Muenchen Tarrasch"]
[WhiteTeamCountry "GER"]
[BlackTeamCountry "GER"]

1. e4 Nf6 2. Nc3 e5 3. f4 d5 4. fxe5 Nxe4 5. Nf3 Nc6 6. d3 Nxc3 7. bxc3 d4 8. cxd4 Bb4+ 9. Bd2 Bxd2+ 10. Qxd2 Nxd4 11. 0-0-0 0-0 12. Qe3 Nxf3 13. gxf3 f6 14. d4 fxe5 15. dxe5 Qe7 16. Bc4+ Be6 17. Bxe6+ Qxe6 18. Kb2 Rf5 19. f4 b6 20. Rhf1 g6 21. Rd4 Raf8 22. Rfd1 Kg7 23. Rd7+ R8f7 24. Rxf7+ Rxf7 25. Qb3 Qxb3+ 26. axb3 Kf8 27. Rd4 Ke7 28. Kc3 c5 29. Re4 Ke6 30. Kc4 a6 31. c3 Rd7 32. Re2 Rd5 33. b4 cxb4 34. cxb4 a5 35. bxa5 Rxa5 36. Rb2 Ra4+ 37. Rb4 Rxb4+ 38. Kxb4 g5 39. fxg5 Kxe5 40. Kb5 Kf5 41. Kxb6 Kxg5 42. Kc5 Kg4 43. Kd4 Kh3 44. Ke3 Kxh2 45. Kf2 1/2-1/2

[Event "BL2-Ost 0910"]
[Site "Germany"]
[Date "2010.03.21"]
[Round "8.5"]
[White "Kuraszkiewicz, Michael"]
[Black "Niedermaier, Hans"]
[Result "1-0"]
[WhiteElo "2299"]
[BlackElo "2277"]
[PlyCount "55"]
[EventDate "2009.10.18"]
[EventType "team-tourn"]
[EventRounds "9"]
[EventCountry "GER"]
[SourceTitle "EXT 2011"]
[Source "ChessBase"]
[SourceDate "2010.11.26"]
[SourceVersion "1"]
[SourceVersionDate "2010.11.26"]
[SourceQuality "1"]
[WhiteTeam "Plauen Koenig"]
[BlackTeam "Forchheim"]
[WhiteTeamCountry "GER"]
[BlackTeamCountry "GER"]

1. d4 d5 2. c4 e6 3. Nc3 c5 4. cxd5 cxd4 5. Qa4+ Bd7 6. Qxd4 exd5 7. Nf3 Nc6 8. Qd1 Nf6 9. Bg5 Be6 10. e3 Be7 11. Be2 h6 12. Bh4 g5 13. Bg3 Ne4 14. Nd4 Nxc3 15. bxc3 Bf6 16. 0-0 Nxd4 17. cxd4 Qd7 18. Rc1 Bd8 19. Qb3 0-0 20. Bb5 Qe7 21. Rc5 Bb6 22. Rxd5 Bxd5 23. Qxd5 Rad8 24. Qf5 Qe6 25. Qb1 Rc8 26. Bd3 Rc3 27. Bh7+ Kg7 28. Be5+ 1-0

[Event "BL2-Ost 0910"]
[Site "Germany"]
[Date "2010.02.07"]
[Round "6.6"]
[White "Niedermaier, Hans"]
[Black "Wichmann, Cliff"]
[Result "1/2-1/2"]
[WhiteElo "2277"]
[BlackElo "2367"]
[PlyCount "22"]
[EventDate "2009.10.18"]
[EventType "team-tourn"]
[EventRounds "9"]
[EventCountry "GER"]
[SourceTitle "EXT 2011"]
[Source "ChessBase"]
[SourceDate "2010.11.26"]
[SourceVersion "1"]
[SourceVersionDate "2010.11.26"]
[SourceQuality "1"]
[WhiteTeam "Forchheim"]
[BlackTeam "Aue Nickelhuette"]
[WhiteTeamCountry "GER"]
[BlackTeamCountry "GER"]

1. e4 e6 2. d4 d5 3. Nc3 Nf6 4. exd5 exd5 5. Bd3 c5 6. Nf3 c4 7. Be2 Bb4 8. 0-0 0-0 9. Bg5 Bxc3 10. bxc3 Qd6 11. Bxf6 Qxf6 1/2-1/2

[Event "BL2-Ost 0910"]
[Site "Germany"]
[Date "2009.11.15"]
[Round "2.6"]
[White "Niedermaier, Hans"]
[Black "Hoffmann, Hendrik"]
[Result "1-0"]
[WhiteElo "2277"]
[BlackElo "2252"]
[PlyCount "87"]
[EventDate "2009.10.18"]
[EventType "team-tourn"]
[EventRounds "9"]
[EventCountry "GER"]
[SourceTitle "EXT 2011"]
[Source "ChessBase"]
[SourceDate "2010.11.26"]
[SourceVersion "1"]
[SourceVersionDate "2010.11.26"]
[SourceQuality "1"]
[WhiteTeam "Forchheim"]
[BlackTeam "Leipzig Gohlis"]
[WhiteTeamCountry "GER"]
[BlackTeamCountry "GER"]

1. e4 c5 2. Nf3 d6 3. d4 cxd4 4. Nxd4 Nf6 5. Nc3 Nc6 6. h3 g6 7. Be3 Bg7 8. Qd2 0-0 9. 0-0-0 Bd7 10. g4 Nxd4 11. Bxd4 Bc6 12. f3 Qa5 13. Kb1 Rfc8 14. h4 b5 15. Nxb5 Qd8 16. Na3 Rab8 17. Ba6 Bxe4 18. Bxc8 Bxf3 19. Ba6 Bxh1 20. Rxh1 Ne4 21. Qe3 Bxd4 22. Qxd4 Qa5 23. Ka1 Ng3 24. Rg1 Rb4 25. Bc4 e6 26. Rxg3 Rxc4 27. Qxc4 Qe1+ 28. Nb1 Qxg3 29. Qc8+ Kg7 30. Qc3+ Qxc3 31. Nxc3 f5 32. g5 Kf7 33. Kb1 e5 34. Kc1 Ke6 35. b4 d5 36. Nb5 f4 37. Nxa7 f3 38. Kd2 Kf5 39. Ke3 Kg4 40. Kf2 e4 41. Nc6 e3+ 42. Kf1 Kg3 43. Nd4 e2+ 44. Nxe2+ 1-0

[Event "BL2-Ost 0809"]
[Site "Germany"]
[Date "2009.01.18"]
[Round "5.6"]
[White "Niedermaier, Hans"]
[Black "Lisek, Juergen"]
[Result "1/2-1/2"]
[WhiteElo "2255"]
[BlackElo "2285"]
[PlyCount "142"]
[EventDate "2008.10.05"]
[EventType "team-tourn"]
[EventRounds "9"]
[EventCountry "GER"]
[SourceTitle "CBM 129 Extra"]
[Source "ChessBase"]
[SourceDate "2009.05.05"]
[SourceVersion "2"]
[SourceVersionDate "2009.05.20"]
[SourceQuality "1"]
[WhiteTeam "Forchheim"]
[BlackTeam "Pankow Rotation"]
[WhiteTeamCountry "GER"]
[BlackTeamCountry "GER"]

1. d4 c5 2. d5 e5 3. e4 d6 4. Nc3 g6 5. Be2 Bg7 6. Nf3 Ne7 7. 0-0 0-0 8. Nd2 Nd7 9. a4 Nf6 10. Nc4 Ne8 11. Be3 h6 12. Qd2 g5 13. Rfb1 f5 14. f3 f4 15. Bf2 h5 16. b4 cxb4 17. Rxb4 Ng6 18. Nb5 a5 19. Rb3 g4 20. Qe1 gxf3 21. Bxf3 Bg4 22. Qe2 Bxf3 23. Rxf3 h4 24. Kh1 Ra6 25. Rb1 Rf7 26. Nba3 Nf6 27. Rb6 Rxb6 28. Bxb6 Qd7 29. Nb5 Bf8 30. Bxa5 Rg7 31. Bb4 h3 32. Rxh3 f3 33. Qxf3 Ng4 34. Ne3 Nxe3 35. Qxe3 Qg4 36. Be1 Qd1 37. Nc3 Qxc2 38. Qd2 Qb3 39. Rg3 Qc4 40. Qe2 Qd4 41. Bf2 Qb4 42. Qb5 Qa3 43. Ne2 Qa2 44. Bg1 Qc2 45. Rg4 Kh7 46. Rg3 Qxe4 47. Qd3 Qxa4 48. Qf5 Qe8 49. Qh5+ Kg8 50. Rf3 Qe7 51. Ng3 Nf4 52. Rxf4 exf4 53. Nf5 Qg5 54. Nxg7 Qxg7 55. Qf3 Qe5 56. Qb3 Qe2 57. Qa4 Qf1 58. Qe4 b5 59. h3 Qc4 60. Bd4 Bg7 61. Qe8+ Kh7 62. Qh5+ Kg8 63. Qe8+ Kh7 64. Bxg7 Kxg7 65. Qe7+ Kg8 66. Qxd6 b4 67. Qg6+ Kf8 68. Qf6+ Ke8 69. d6 Qe4 70. Qh8+ Kd7 71. Qb8 Qe1+ 1/2-1/2

[Event "Oberliga Bayern 0708"]
[Site "Bayern"]
[Date "2007.11.04"]
[Round "2.4"]
[White "Zuehlke, Burkhard"]
[Black "Niedermaier, Hans"]
[Result "1/2-1/2"]
[WhiteElo "2013"]
[BlackElo "2294"]
[PlyCount "98"]
[EventDate "2007.10.21"]
[EventType "team-tourn"]
[EventRounds "9"]
[EventCountry "GER"]
[SourceTitle "EXT 2009"]
[Source "ChessBase"]
[SourceDate "2008.11.26"]
[SourceVersion "1"]
[SourceVersionDate "2008.11.26"]
[SourceQuality "1"]
[WhiteTeam "Zirndorf"]
[BlackTeam "Forchheim"]
[WhiteTeamCountry "GER"]
[BlackTeamCountry "GER"]

1. d4 d5 2. c4 e6 3. Nf3 Nf6 4. Nc3 c5 5. cxd5 exd5 6. g3 Nc6 7. Bg2 Be7 8. 0-0 0-0 9. Bg5 cxd4 10. Nxd4 h6 11. Be3 Re8 12. Rc1 Bg4 13. Re1 Rc8 14. Nxc6 bxc6 15. Qa4 a5 16. a3 Bd6 17. Bd4 Bd7 18. Bxf6 Qxf6 19. Bxd5 cxd5 20. Qxd7 Rcd8 21. Qc6 d4 22. Ne4 Qe5 23. Nxd6 Rxd6 24. Qf3 Qb5 25. Qf4 Rd7 26. Qd2 Rb8 27. Rc2 a4 28. Rec1 Re8 29. Rc8 Rxc8 30. Rxc8+ Kh7 31. Qc2+ d3 32. exd3 Qxd3 33. Qxd3+ Rxd3 34. Rc4 Rd2 35. Rxa4 Rxb2 36. Ra8 Ra2 37. a4 Kg6 38. a5 f5 39. a6 Kg5 40. Kg2 f4 41. gxf4+ Kxf4 42. Ra7 Kf5 43. Kg3 g5 44. Ra8 Ra3+ 45. f3 Kg6 46. a7 Kg7 47. Kg4 Ra4+ 48. Kg3 Kh7 49. h3 Kg7 1/2-1/2

[Event "BL2-Ost 0607"]
[Site "Germany"]
[Date "2007.04.01"]
[Round "8.5"]
[White "Niedermaier, Hans"]
[Black "Marchio, Enrico"]
[Result "1-0"]
[WhiteElo "2280"]
[BlackElo "2275"]
[PlyCount "53"]
[EventDate "2006.10.15"]
[EventType "team-tourn"]
[EventRounds "9"]
[EventCountry "GER"]
[SourceTitle "EXT 2008"]
[Source "ChessBase"]
[SourceDate "2007.11.25"]
[SourceVersion "1"]
[SourceVersionDate "2007.11.25"]
[SourceQuality "1"]
[WhiteTeam "Forchheim"]
[BlackTeam "Schoeneck"]
[WhiteTeamCountry "GER"]
[BlackTeamCountry "GER"]

1. e4 e6 2. d4 b6 3. Nc3 Bb7 4. Nf3 Bb4 5. Bd3 Nf6 6. Qe2 d5 7. exd5 Qxd5 8. 0-0 Bxc3 9. bxc3 0-0 10. Bg5 Nbd7 11. Rfd1 h6 12. c4 Qa5 13. Bf4 Rac8 14. Ne5 c5 15. d5 exd5 16. Nxd7 Nxd7 17. Bxh6 Qc3 18. Qg4 dxc4 19. Bf5 Bc6 20. Bd2 Qd4 21. Qh3 g6 22. Bc3 Qxc3 23. Qxc3 gxf5 24. Qg3+ Kh7 25. Qg5 Ne5 26. Qxf5+ Ng6 27. h4 1-0

[Event "BL2-Ost 0607"]
[Site "Germany"]
[Date "2006.10.29"]
[Round "2.3"]
[White "Vasilevich, Tatjana"]
[Black "Niedermaier, Hans"]
[Result "1-0"]
[WhiteElo "2395"]
[BlackElo "2280"]
[PlyCount "43"]
[EventDate "2006.10.15"]
[EventType "team-tourn"]
[EventRounds "9"]
[EventCountry "GER"]
[SourceTitle "EXT 2008"]
[Source "ChessBase"]
[SourceDate "2007.11.25"]
[SourceVersion "1"]
[SourceVersionDate "2007.11.25"]
[SourceQuality "1"]
[WhiteTeam "Aue Nickelhuette"]
[BlackTeam "Forchheim"]
[WhiteTeamCountry "GER"]
[BlackTeamCountry "GER"]

1. d4 Nf6 2. c4 c6 3. Nf3 g6 4. Nc3 Bg7 5. Bf4 0-0 6. h3 d5 7. e3 Ne4 8. Qb3 Nxc3 9. bxc3 Qa5 10. Bd3 Nd7 11. cxd5 cxd5 12. 0-0 Nf6 13. c4 b6 14. Ne5 dxc4 15. Bxc4 e6 16. Bb5 a6 17. Bc6 Ra7 18. Nc4 Qf5 19. Qxb6 Bd7 20. Nd6 Qd3 21. Rfd1 Qa3 22. Nc4 1-0

[Event "BL2-Ost 0506"]
[Site "Germany"]
[Date "2005.11.13"]
[Round "2.5"]
[White "Niedermaier, Hans"]
[Black "Marchio, Enrico"]
[Result "1-0"]
[WhiteElo "2231"]
[BlackElo "2280"]
[PlyCount "93"]
[EventDate "2005.10.23"]
[EventType "team-tourn"]
[EventRounds "9"]
[EventCountry "GER"]
[SourceTitle "EXT 2007"]
[Source "ChessBase"]
[SourceDate "2006.11.23"]
[SourceVersion "1"]
[SourceVersionDate "2006.11.23"]
[SourceQuality "1"]
[WhiteTeam "Forchheim"]
[BlackTeam "Schoeneck"]
[WhiteTeamCountry "GER"]
[BlackTeamCountry "GER"]

1. e4 e6 2. d4 d5 3. Nc3 Nf6 4. exd5 exd5 5. Bd3 c5 6. Nf3 c4 7. Be2 Nc6 8. 0-0 Bd6 9. Bg5 Be6 10. Bxc4 dxc4 11. d5 Bb4 12. dxe6 Qxd1 13. exf7+ Kxf7 14. Nxd1 Rhe8 15. Bxf6 gxf6 16. c3 Bc5 17. Re1 Rxe1+ 18. Nxe1 Rd8 19. Nf3 Ne5 20. Nxe5+ fxe5 21. b4 cxb3 22. axb3 Rd2 23. Kf1 Kf6 24. Ke1 Rc2 25. Ra5 Bb6 26. Rd5 Ke6 27. Rd2 Rc1 28. Ra2 Rb1 29. b4 Kd5 30. Kd2 Kc4 31. Kc2 Rxd1 32. Kxd1 Kxc3 33. b5 Bd4 34. Re2 Kc4 35. Re4 Kxb5 36. f4 Kc6 37. fxe5 Bc5 38. e6 Be7 39. Rd4 h5 40. g3 Bd6 41. h3 b5 42. g4 hxg4 43. hxg4 Be7 44. Rd7 Bf6 45. Rf7 Bh4 46. Rxa7 Kd6 47. Rb7 1-0

[Event "Oberliga Bayern 0405"]
[Site "Bayern"]
[Date "2005.02.13"]
[Round "7.2"]
[White "Kreuzer, Helmut"]
[Black "Niedermaier, Hans"]
[Result "1/2-1/2"]
[WhiteElo "2173"]
[BlackElo "2223"]
[PlyCount "27"]
[EventDate "2004.10.24"]
[EventType "team-tourn"]
[EventRounds "9"]
[EventCountry "GER"]
[SourceTitle "EXT 2020"]
[Source "ChessBase"]
[SourceDate "2019.10.17"]
[SourceVersion "1"]
[SourceVersionDate "2019.10.17"]
[SourceQuality "1"]
[WhiteTeam "Kelheim SC"]
[BlackTeam "Forchheim SC II"]
[WhiteTeamCountry "GER"]
[BlackTeamCountry "GER"]

1. d4 Nf6 2. Nf3 g6 3. g3 Bg7 4. Bg2 0-0 5. 0-0 d5 6. c3 c6 7. Bf4 Bf5 8. Nbd2 Nbd7 9. Ne5 Nxe5 10. Bxe5 Bh6 11. Bf4 Bxf4 12. gxf4 Qc8 13. e3 Bh3 14. Rc1 1/2-1/2

[Event "Bundesliga 0203"]
[Site "Germany"]
[Date "2003.03.08"]
[Round "12.7"]
[White "Kuraszkiewicz, Michael"]
[Black "Niedermaier, Hans"]
[Result "1-0"]
[WhiteElo "2323"]
[BlackElo "2271"]
[PlyCount "85"]
[EventDate "2002.10.19"]
[EventType "team-tourn"]
[EventRounds "15"]
[EventCountry "GER"]
[SourceTitle "CBM 094"]
[Source "ChessBase"]
[SourceDate "2003.05.26"]
[SourceVersion "1"]
[SourceVersionDate "2003.05.26"]
[SourceQuality "1"]
[WhiteTeam "Plauen Koenig"]
[BlackTeam "Forchheim"]
[WhiteTeamCountry "GER"]
[BlackTeamCountry "GER"]

1. d4 Nf6 2. c4 c6 3. Nc3 d5 4. Nf3 g6 5. Bf4 Bg7 6. e3 0-0 7. h3 Ne4 8. Be2 Nxc3 9. bxc3 Qa5 10. Qb3 dxc4 11. Bxc4 b5 12. Bd3 Be6 13. Qb2 Nd7 14. 0-0 Nb6 15. Rfc1 Bc4 16. Qe2 Bxd3 17. Qxd3 Nc4 18. Qe4 Rfe8 19. Qxc6 Rac8 20. Qb7 Na3 21. e4 Rxc3 22. Bd2 Rxc1+ 23. Rxc1 Qb6 24. Qd7 Qd8 25. Qxa7 Nc4 26. Bb4 Qa8 27. Qd7 Rb8 28. e5 Qxa2 29. Bxe7 Qa8 30. e6 f6 31. Bxf6 Rb7 32. Bh4 Bh6 33. Re1 Bf8 34. Qd5 Nb6 35. Qxb5 Nc8 36. Qc4 Be7 37. Rc1 Nd6 38. Qc6 Qf8 39. Bxe7 Qxe7 40. d5 Kg7 41. Qc3+ Kg8 42. Qe5 h6 43. Rc6 1-0

[Event "Bundesliga 0203"]
[Site "Germany"]
[Date "2002.11.17"]
[Round "4.7"]
[White "Niedermaier, Hans"]
[Black "Graf, Alexander"]
[Result "0-1"]
[WhiteElo "2271"]
[BlackElo "2635"]
[PlyCount "96"]
[EventDate "2002.10.19"]
[EventType "team-tourn"]
[EventRounds "15"]
[EventCountry "GER"]
[SourceTitle "EXT 2003"]
[Source "ChessBase"]
[SourceDate "2002.11.25"]
[SourceVersion "1"]
[SourceVersionDate "2002.11.25"]
[SourceQuality "1"]
[WhiteTeam "Forchheim"]
[BlackTeam "Koeln Porz"]
[WhiteTeamCountry "GER"]
[BlackTeamCountry "GER"]

1. e4 c5 2. Nf3 e6 3. d4 cxd4 4. Nxd4 Nf6 5. Nc3 d6 6. g4 a6 7. h4 Nc6 8. g5 Nd7 9. Be3 Nxd4 10. Qxd4 b5 11. a3 Ne5 12. Be2 Bb7 13. 0-0-0 Rc8 14. h5 Nc6 15. Qb6 Qxb6 16. Bxb6 Be7 17. f4 b4 18. axb4 Nxb4 19. Rhg1 Bxe4 20. Bxa6 Rxc3 21. Bb5+ Rc6 22. Rd4 d5 23. Rxb4 Bxb4 24. Bxc6+ Ke7 25. c3 Bd6 26. Be3 h6 27. Ba4 Ra8 28. b3 d4 29. cxd4 Rc8+ 30. Kd1 Bf3+ 31. Ke1 Rc2 32. Bd2 hxg5 33. fxg5 Bxh5 34. Bb5 Bf3 35. Kf2 Bd5 36. Ke3 Bxb3 37. Bd3 Ra2 38. Rb1 Bd5 39. Rc1 g6 40. Rb1 Kf8 41. Bb4 Bxb4 42. Rxb4 Rh2 43. Kf4 Kg7 44. Ra4 Rf2+ 45. Kg4 Rd2 46. Ra3 Rg2+ 47. Kf4 Rf2+ 48. Kg4 Rf3 0-1

[Event "BL2-Ost 0102"]
[Site "Germany"]
[Date "2002.02.24"]
[Round "6.7"]
[White "Niedermaier, Hans"]
[Black "Duppel, Tina"]
[Result "0-1"]
[WhiteElo "2278"]
[BlackElo "2093"]
[PlyCount "88"]
[EventDate "2001.10.07"]
[EventType "team-tourn"]
[EventRounds "9"]
[EventCountry "GER"]
[SourceTitle "CBM 088 Extra"]
[Source "ChessBase"]
[SourceDate "2002.07.01"]
[SourceVersion "2"]
[SourceVersionDate "2002.07.01"]
[SourceQuality "1"]
[WhiteTeam "Forchheim"]
[BlackTeam "Chemnitz"]
[WhiteTeamCountry "GER"]
[BlackTeamCountry "GER"]

1. e4 c5 2. Nf3 d6 3. d4 cxd4 4. Nxd4 Nf6 5. Nc3 a6 6. Be3 e5 7. Nf3 Be7 8. Bc4 0-0 9. Qe2 Nc6 10. 0-0 Bg4 11. h3 Bh5 12. Nd5 Nxd5 13. Bxd5 Qd7 14. a3 Rac8 15. Rfe1 h6 16. Rad1 Kh8 17. g4 Bg6 18. Kh2 Kh7 19. Kg3 Nd8 20. h4 Kh8 21. Rh1 Ne6 22. h5 Bh7 23. Nh4 Nf4 24. Bxf4 exf4+ 25. Kxf4 Bxh4 26. Rxh4 Qe7 27. Rhh1 f5 28. Kg3 fxe4 29. f4 Qf6 30. f5 Qe5+ 31. Kh3 Qxb2 32. Bxe4 Qxa3+ 33. Rd3 Qc5 34. Qd2 Rce8 35. Bxb7 Bxf5 36. Rd5 Bxg4+ 37. Kxg4 Qb6 38. Bxa6 Re4+ 39. Kg3 Qxa6 40. Qd3 Qa4 41. Rh3 Rg4+ 42. Kh2 Rf2+ 43. Kh1 Qa1+ 44. Qd1 Rf1+ 0-1

[Event "BL2-Ost 0102"]
[Site "Germany"]
[Date "2001.11.25"]
[Round "3.7"]
[White "Niedermaier, Hans"]
[Black "Jauernig, Udo"]
[Result "1-0"]
[WhiteElo "2278"]
[BlackElo "2264"]
[PlyCount "77"]
[EventDate "2001.10.07"]
[EventType "team-tourn"]
[EventRounds "9"]
[EventCountry "GER"]
[SourceTitle "CBM 088 Extra"]
[Source "ChessBase"]
[SourceDate "2002.07.01"]
[SourceVersion "2"]
[SourceVersionDate "2002.07.01"]
[SourceQuality "1"]
[WhiteTeam "Forchheim"]
[BlackTeam "Regensburg"]
[WhiteTeamCountry "GER"]
[BlackTeamCountry "GER"]

1. e4 e6 2. d4 d5 3. Nd2 Nf6 4. e5 Nfd7 5. f4 c5 6. c3 Nc6 7. Ndf3 Qa5 8. Be3 Qb6 9. Qb3 Qxb3 10. axb3 cxd4 11. Nxd4 Nxd4 12. Bxd4 b6 13. Bb5 Bb7 14. Nf3 Be7 15. 0-0 Bd8 16. Ng5 Bxg5 17. fxg5 Rf8 18. Rf4 Ke7 19. Bxd7 Kxd7 20. Raf1 Ke7 21. Rh4 Rh8 22. Rf3 Rac8 23. Rfh3 Ba6 24. Kf2 Rc7 25. Ke3 Bf1 26. Kf2 Bb5 27. g4 Rb7 28. Rxh7 Rxh7 29. Rxh7 Bd3 30. Rh8 Bc2 31. h4 Rd7 32. Ra8 Bd1 33. Kg3 g6 34. b4 Be2 35. Kf4 Bd1 36. Bf2 Be2 37. h5 gxh5 38. Bh4 f6 39. g6 1-0

[Event "BL2-Ost 0001"]
[Site "Germany"]
[Date "2001.02.18"]
[Round "6.6"]
[White "Emami, Madjid"]
[Black "Niedermaier, Hans"]
[Result "0-1"]
[WhiteElo "2171"]
[BlackElo "2248"]
[PlyCount "92"]
[EventDate "2000.10.15"]
[EventType "team-tourn"]
[EventRounds "9"]
[EventCountry "GER"]
[SourceTitle "CBM 082 Extra"]
[Source "ChessBase"]
[SourceDate "2001.07.03"]
[SourceVersion "1"]
[SourceVersionDate "2001.07.03"]
[SourceQuality "1"]
[WhiteTeam "Griesheim"]
[BlackTeam "Forchheim"]
[WhiteTeamCountry "GER"]
[BlackTeamCountry "GER"]

1. Nf3 Nf6 2. d4 g6 3. Nbd2 d5 4. g3 Bg7 5. Bg2 0-0 6. 0-0 Ne4 7. e3 c5 8. c3 Nc6 9. Nxe4 dxe4 10. Nd2 cxd4 11. exd4 f5 12. Qb3+ Kh8 13. Nc4 Be6 14. Qxb7 Bxc4 15. Qxc6 Bxf1 16. Bxf1 e5 17. dxe5 Bxe5 18. Bh6 Qf6 19. Bb5 Rfc8 20. Qxf6+ Bxf6 21. Ba6 Rd8 22. Bf4 g5 23. Be3 Rab8 24. b3 Bxc3 25. Rc1 Bd2 26. Rc2 Bxe3 27. fxe3 Rd1+ 28. Kg2 Rbd8 29. a4 R1d2+ 30. Rxd2 Rxd2+ 31. Kg1 Kg7 32. Bc4 Ra2 33. Bb5 Kf6 34. Bc4 Ke5 35. Bb5 a5 36. Bc4 h6 37. Bb5 Rb2 38. Bc4 g4 39. Kh1 Rf2 40. h3 gxh3 41. b4 axb4 42. a5 Rc2 43. Bb3 Rb2 44. Bc4 b3 45. a6 Rb1+ 46. Kh2 b2 0-1

[Event "BL2-Ost 9900"]
[Site "Germany"]
[Date "2000.03.26"]
[Round "8.5"]
[White "Niedermaier, Hans"]
[Black "Manakov, Marina"]
[Result "0-1"]
[WhiteElo "2260"]
[BlackElo "2295"]
[PlyCount "76"]
[EventDate "1999.10.10"]
[EventType "team-tourn"]
[EventRounds "9"]
[EventCountry "GER"]
[SourceTitle "CBM 075 Extra"]
[Source "ChessBase"]
[SourceDate "2000.05.11"]
[SourceVersion "2"]
[SourceVersionDate "2000.05.11"]
[SourceQuality "1"]
[WhiteTeam "Forchheim"]
[BlackTeam "Marktheidenfeld"]
[WhiteTeamCountry "GER"]
[BlackTeamCountry "GER"]

1. e4 d5 2. d3 dxe4 3. dxe4 Qxd1+ 4. Kxd1 Nf6 5. f3 e5 6. Be3 Nbd7 7. Nd2 Bc5 8. Bg5 Nh5 9. Nb3 Bb6 10. c3 a5 11. a4 Nc5 12. Bc4 Nxb3 13. Bxb3 h6 14. Bd2 g5 15. Ne2 Bd7 16. Bc4 Nf4 17. Nxf4 gxf4 18. g3 Rg8 19. g4 h5 20. h3 Rh8 21. Kc2 Ke7 22. b3 Rh7 23. Be2 Rah8 24. Rhf1 hxg4 25. hxg4 Rh2 26. Rae1 Rg2 27. Kd3 Rh3 28. Rh1 Bxg4 29. Rxh3 Bxh3 30. Bf1 Rg3 31. Bxh3 Rxf3+ 32. Kc4 Rxh3 33. b4 f3 34. Rf1 f2 35. bxa5 Ba7 36. a6 bxa6 37. Rb1 Rg3 38. Kd5 Rg1 0-1

[Event "BL2-Ost 9900"]
[Site "Germany"]
[Date "1999.12.12"]
[Round "3.5"]
[White "Niedermaier, Hans"]
[Black "Ferlan, Istok"]
[Result "1-0"]
[WhiteElo "2260"]
[BlackElo "2315"]
[PlyCount "79"]
[EventDate "1999.10.10"]
[EventType "team-tourn"]
[EventRounds "9"]
[EventCountry "GER"]
[SourceTitle "CBM 074 Extra"]
[Source "ChessBase"]
[SourceDate "2000.03.10"]
[SourceVersion "2"]
[SourceVersionDate "2000.03.10"]
[SourceQuality "1"]
[WhiteTeam "Forchheim"]
[BlackTeam "Wuerzburg"]
[WhiteTeamCountry "GER"]
[BlackTeamCountry "GER"]

1. e4 g6 2. d4 Bg7 3. Nc3 c6 4. Nf3 d6 5. h3 Nf6 6. Be2 0-0 7. 0-0 Qc7 8. Be3 Nbd7 9. Qd2 e5 10. Rfd1 Re8 11. dxe5 dxe5 12. a4 Bf8 13. Bc4 Nc5 14. Ng5 Ne6 15. Nxe6 Bxe6 16. Bxe6 Rxe6 17. Qd3 Qa5 18. Qc4 Qb4 19. Qxb4 Bxb4 20. Na2 Bf8 21. f3 Rd6 22. Rxd6 Bxd6 23. Nc3 Kf8 24. Rd1 Be7 25. Kf2 Ke8 26. Ke2 Nd7 27. Nb1 a6 28. Nd2 f6 29. Nc4 b5 30. Rxd7 bxc4 31. Rb7 a5 32. Bb6 Ra6 33. b3 cxb3 34. cxb3 h5 35. Kd3 h4 36. Kc4 g5 37. Bc5 Bd8 38. Rh7 Ra8 39. Rh8+ Kd7 40. Bb6 1-0

[Event "BL2-Ost 9899"]
[Site "Germany"]
[Date "1999.03.07"]
[Round "7.5"]
[White "Niedermaier, Hans"]
[Black "Balcerak, Jakob"]
[Result "1-0"]
[WhiteElo "2255"]
[BlackElo "2300"]
[PlyCount "149"]
[EventDate "1998.10.18"]
[EventType "team-tourn"]
[EventRounds "9"]
[EventCountry "GER"]
[SourceTitle "GER-chT2"]
[Source "ChessBase"]
[SourceDate "1999.07.01"]
[SourceVersion "1"]
[SourceVersionDate "1999.07.01"]
[SourceQuality "1"]
[WhiteTeam "Forchheim"]
[BlackTeam "Schott Mainz"]
[WhiteTeamCountry "GER"]
[BlackTeamCountry "GER"]

1. e4 c5 2. Nf3 d6 3. d4 cxd4 4. Nxd4 Nf6 5. Nc3 a6 6. Bc4 e6 7. Bb3 b5 8. f4 Bb7 9. f5 e5 10. Nde2 Nbd7 11. Ng3 Be7 12. Nh5 Nxh5 13. Qxh5 0-0 14. 0-0 Nf6 15. Qe2 b4 16. Nd5 Nxd5 17. Bxd5 Bxd5 18. exd5 Qc7 19. f6 Bxf6 20. Rxf6 gxf6 21. Bh6 f5 22. Qh5 f6 23. Bxf8 Rxf8 24. Qxf5 Qc5+ 25. Kh1 Qxd5 26. Qg4+ Kh8 27. Qxb4 Rg8 28. Rg1 f5 29. Qh4 Qe6 30. c4 f4 31. Re1 Qf7 32. Rf1 Qg6 33. Qf2 Qd3 34. b3 Rf8 35. Qf3 Qc2 36. Qd1 Qg6 37. Qd2 Rg8 38. Qe2 Qf5 39. g3 Rg4 40. gxf4 Rxf4 41. Rxf4 Qxf4 42. Kg2 Qg5+ 43. Kf2 Qf4+ 44. Kg2 Qg5+ 45. Kf2 Qh4+ 46. Kg2 e4 47. Qf2 Qg5+ 48. Kf1 Qc1+ 49. Ke2 Qc2+ 50. Ke3 Qd3+ 51. Kf4 d5 52. cxd5 Qxd5 53. Qb2+ Kg8 54. Qg2+ Kf8 55. Qxe4 Qd2+ 56. Kf5 Qxa2 57. Qb4+ Kg8 58. Qc4+ Kf8 59. Qc5+ Kf7 60. Qd5+ Kf8 61. Qd6+ Kf7 62. Qd7+ Kf8 63. Qd8+ Kf7 64. Qf6+ Kg8 65. Qe6+ Kf8 66. Qf6+ Kg8 67. Qd8+ Kf7 68. Qd7+ Kf8 69. Qc8+ Kf7 70. Qb7+ Kf8 71. Qc8+ Kf7 72. Qc4+ Kf8 73. Ke6 Qxh2 74. Qf1+ Kg7 75. Qf6+ 1-0